LEADER 01939nam a2200433 i 4500 001 991000982979707536 005 20020507181045.0 008 970212s1960 us ||| | eng 035 $ab10784640-39ule_inst 035 $aLE01305250$9ExL 040 $aDip.to Matematica$beng 082 0 $a510.9 084 $aAMS 01A05 084 $aAMS 01A45 084 $aAMS 01A50 084 $aAMS 01A55 084 $aAMS 73-03 084 $aAMS 73-XX 100 1 $aTodhunter, Isaac$0477775 245 12$aA history of the theory of elasticity and of the strength of materials :$bfrom Galilei to Lord Kelvin /$cby the late Isaac Todhunter ; edited and completed for the syndics of the Cambridge University Press by Karl Pearson 260 $aNew York :$bDover,$c1960 300 $a2 v. in 3 :$bill. ;$c21 cm. 500 $aContents: v. 1: Galilei to Saint-Venant, 1639-1850. - v. 2. pts. 1-2: Saint-Venant to Lord Kelvin. 500 $aIncludes bibliographical references 650 4$aElasticity 650 4$aHistory of mathematics-17th century 650 4$aHistory of mathematics-18th century 650 4$aHistory of mathematics-19th century 650 4$aMechanics of solids-history 650 4$aStrength of materials 700 1 $aPearson, Karl 907 $a.b10784640$b21-09-06$c28-06-02 912 $a991000982979707536 945 $aLE013 01A TOD11 V.I (1960)$cV. 1$g1$i2013000076300$lle013$o-$pE0.00$q-$rl$s- $t0$u1$v0$w1$x0$y.i10884701$z28-06-02 945 $aLE013 01A TOD11 V.II Pt.I (1960)$cV. 2. - Pt. 1$g1$i2013000076317$lle013$o-$pE0.00$q-$rl$s- $t0$u1$v0$w1$x0$y.i10884713$z28-06-02 945 $aLE013 01A TOD11 V.II Pt.II (1960)$cV. 2. - Pt. 2$g1$i2013000076324$lle013$o-$pE0.00$q-$rl$s- $t0$u1$v0$w1$x0$y.i10884725$z28-06-02 996 $aHistory of the theory of elasticity and of the strength of materials$9922099 997 $aUNISALENTO 998 $ale013$b01-01-97$cm$da $e-$feng$gus $h2$i3 LEADER 04276 am 2200793 n 450 001 9910286413303321 005 20170922 010 $a2-35723-140-8 024 7 $a10.4000/books.enc.1111 035 $a(CKB)4100000006675277 035 $a(FrMaCLE)OB-enc-1111 035 $a(oapen)https://directory.doabooks.org/handle/20.500.12854/51913 035 $a(PPN)230683398 035 $a(EXLCZ)994100000006675277 100 $a20180926j|||||||| ||| 0 101 0 $afre 135 $auu||||||m|||| 181 $ctxt$2rdacontent 182 $cc$2rdamedia 183 $acr$2rdacarrier 200 13$aLe livre d'architecture, XVe-XXe siècle $eÉdition, représentations et bibliothèques /$fBéatrice Bouvier, Jean-Michel Leniaud 210 $aParis $cPublications de l?École nationale des chartes$d2017 215 $a1 online resource (335 p.) 311 $a2-900791-53-7 330 $aIl est ici question d?architecture, non pas en tant que construit, mais en tant qu?image, et tout particulièrement en tant que production imprimée de la fin du XVe siècle à nos jours. Le livre d?architecture apparaît dès les commencements de l?imprimerie, peut-être avec le Geometria Deutsch de Matthäus Roritzer publié à Ratisbonne en 1487-1488. Malgré son ancienneté, il n?a pas suffisamment attiré l?attention des historiens du livre. On connaît le British architectural Books and writers (1556-1785) paru à Cambridge en 1990 à l?initiative de Eileen Harris, qui catalogue la production imprimée en Grande-Bretagne ainsi que leurs éditeurs et, plus ciblé, l?ouvrage collectif paru en 1988 sur les Traités d?architecture de la Renaissance sous la direction de Jean Guillaume. De leur côté, les historiens de l?architecture se sont plus particulièrement intéressés à l?étude des modes de représentation (L?Architecture en représentation, ministère de la culture, 1985). Le présent volume considère le livre d?architecture sous l?angle de l?histoire de l?édition généraliste et spécialisée (conception, production, commercialisation), comme vecteur de la pensée architecturale (par élaboration conjointe de l?image et du texte), comme ?uvre d?art (livres conçus par les architectes) et de collection. Il fait enfin le point sur trois grandes bibliothèques d?architecture du XIXe siècle. 517 $alivre d'architecture, XVe-XXe siècle 606 $aPublishers and publishing$zFrance$xHistory$vCongresses 606 $aArt publishing$zFrance$xHistory$vCongresses 606 $aIllustration of books$zFrance$xHistory$vCongresses 606 $aArchitecture in art$vCongresses 606 $aPrivate libraries$zFrance$xHistory$vCongresses 606 $aArchitecture$vBibliography$vCongresses 610 $aart 610 $abibliothèque 610 $aillustration 610 $alivre 610 $aarchitecture 615 0$aPublishers and publishing$xHistory 615 0$aArt publishing$xHistory 615 0$aIllustration of books$xHistory 615 0$aArchitecture in art 615 0$aPrivate libraries$xHistory 615 0$aArchitecture 700 $aBoltanski$b Arianne$01303185 701 $aBouvier$b Béatrice$01232940 701 $aCharon-Parent$b Annie$01303186 701 $aDe Smet$b Catherine$01303187 701 $aDoulat$b Fabienne$01302302 701 $aGastaldi$b Nadine$01303188 701 $aGermann$b Georg$0219195 701 $aGloc-Dechezleprêtre$b Marie$01303189 701 $aHoffmann$b Volker$0709411 701 $aJeanjean-Becker$b Caroline$01303190 701 $aLeniaud$b Jean-Michel$01232939 701 $aLesquins$b Noémie$01303191 701 $aLiskenne-Georgeon$b Anne$01303192 701 $aMassu$b Claude$01286941 701 $aMollier$b Jean-Yves$0606384 701 $aNoell$b Matthias$01303193 701 $aPariset$b Jean-Daniel$01303194 701 $aSelbach$b Vanessa$01303195 701 $aVendredi-Auzanneau$b Christine$01303196 701 $aBouvier$b Béatrice$01232940 701 $aLeniaud$b Jean-Michel$01232939 801 0$bFR-FrMaCLE 906 $aBOOK 912 $a9910286413303321 996 $aLe livre d'architecture, XVe-XXe siècle$93026862 997 $aUNINA LEADER 03584 am 2200709 n 450 001 9910617328703321 005 20220913 010 $a9782493209023 010 $a9782493209054 010 $a2-493209-05-2 024 7 $a10.4000/books.irht.822 035 $a(CKB)4100000012897205 035 $a(FrMaCLE)OB-irht-822 035 $a(oapen)https://directory.doabooks.org/handle/20.500.12854/95104 035 $a(PPN)265625033 035 $a(EXLCZ)994100000012897205 100 $a20221003j|||||||| ||| 0 101 0 $afre 135 $auu||||||m|||| 181 $ctxt 182 $cc$2rdamedia 183 $ac 200 10$aEn quête d?une parole vive $eTraces écrites de la prédication (xe-xiiie siècle) /$fNicole Bériou 210 $aAubervilliers, Paris, Orléans $cInstitut de recherche et d?histoire des textes$d2022 215 $a1 online resource (456 p.) 225 1 $aBibliothèque d?Histoire des Textes 311 $a2-493209-02-8 330 $aComment retrouver les paroles de la communication orale d?autrefois, dont la forme la plus massive au Moyen Âge a été la prédication adressée aux assemblées de fidèles, notamment en ville à partir du xiiie siècle ? À défaut de disposer comme aujourd?hui d?enregistrements verbatim, il y faut le témoignage d?auditeurs attentifs. Exercés à la prise de notes, ils étaient aussi capables de restituer avec un certain degré de fiabilité ce qu?ils avaient entendu, en combinant dans leurs manuscrits à usage privé les notes consignées à la volée sur leurs tablettes de cire ou sur des rebuts de parchemin avec ce qu?ils retenaient directement dans le « ventre » de leur mémoire. L?écho des paroles vives existe bien, dans une version écrite où domine le latin mais où la syntaxe, la morphologie et quelquefois même le vocabulaire sont ceux de la langue vernaculaire dont usaient les prédicateurs dans leurs sermons au peuple. Au xiiie siècle cette circulation de la parole en chaire est bien perceptible à Paris : elle y est précoce, abondante et persistante. Venus de partout en Europe, les étudiants de la Faculté de théologie se forment alors à la communication du message religieux en allant écouter prêcher dans les lieux les plus divers. Le propos de ce livre est d?exploiter les notes qu?ils ont prises et mises en ordre, et d?inscrire cette activité dans l?environnement passionnant des échanges culturels résultant de la prédication, aux premiers moments du temps long où elle fut renouvelée et singulièrement amplifiée en Europe par les frères mendiants. 606 $aReligion 606 $aHistory 606 $aMoyen Âge 606 $aprédication 606 $asermons 606 $aécriture sainte 606 $aprédicateurs 606 $amonde latin 606 $aFrance méridionale 606 $aParis 610 $aMoyen Âge 610 $aprédication 610 $asermons 610 $aécriture sainte 610 $aprédicateurs 610 $amonde latin 610 $aFrance méridionale 610 $aParis 615 4$aReligion 615 4$aHistory 615 4$aMoyen Âge 615 4$aprédication 615 4$asermons 615 4$aécriture sainte 615 4$aprédicateurs 615 4$amonde latin 615 4$aFrance méridionale 615 4$aParis 700 $aBériou$b Nicole$0416176 801 0$bFR-FrMaCLE 906 $aBOOK 912 $a9910617328703321 996 $aEn quête d?une parole vive$92969612 997 $aUNINA LEADER 01619oam 2200529zu 450 001 9910140999003321 005 20241212220046.0 010 $a9781612843575 010 $a1612843573 010 $a9781612843582 010 $a1612843581 035 $a(CKB)2670000000082945 035 $a(SSID)ssj0000668892 035 $a(PQKBManifestationID)12209304 035 $a(PQKBTitleCode)TC0000668892 035 $a(PQKBWorkID)10708003 035 $a(PQKB)11011064 035 $a(NjHacI)992670000000082945 035 $a(Association for Computing Machinery)10.5555/2190025 035 $a(EXLCZ)992670000000082945 100 $a20160829d2011 uy 101 0 $aeng 135 $aur||||||||||| 181 $ctxt 182 $cc 183 $acr 200 10$a2011 9th Annual IEEE/ACM International Symposium on Code Generation and Optimization 210 31$a[Place of publication not identified]$cIEEE$d2011 215 $a1 online resource (299 pages) $cillustrations 225 1 $aACM Conferences 300 $aBibliographic Level Mode of Issuance: Monograph 311 08$a9781612843568 311 08$a1612843565 410 0$aACM Conferences 517 3 $aCGO '11 606 $aCompilers (Computer programs)$vCongresses 606 $aCode generators$vCongresses 615 0$aCompilers (Computer programs) 615 0$aCode generators 676 $a005.453 702 $aIEEE Staff 712 02$aAssociation for Computing Machinery-Digital Library. 801 0$bPQKB 906 $aPROCEEDING 912 $a9910140999003321 996 $a2011 9th Annual IEEE$92208327 997 $aUNINA